000 01394nam1a2200301 i 4500
001 RU\NLR\bibl\1069346
005 20260407141207.0
035 _a(NLR Aleph) 001056583
090 _a912016
_c912016
100 _a20070405g20069999u y0rusy50 ca
101 0 _arus
102 _aRU
105 _a||||z |||||
200 1 _aНормативно-методические документы
_fМ-во сел. хоз-ва Рос. Федерации, Приоритет. нац. проект "Развитие АПК", [ОАО "Россельхозбанк"]
210 _aМосква
_c[б. и.]
_d2006
215 _d21
225 1 _a"Развитие АПК" приоритетные национальные проекты
463 0 _10011061704
606 1 _aАгропромышленные комплексы
_jНормативные документы
_yРоссийская Федерация
_92096204
_3RU\NLR\auth\661268277
686 _aХ621.144.04-39(2Р)21
686 _aУ32(2)-434я8
710 0 2 _a"Развитие АПК", приоритетный национальный проект
_cРоссийская Федерация
_3RU\NLR\AUTH\8810084071
_9670182
801 0 _aRU
_bNLR
_c20070405
_gRCR
801 1 _aRU
_bNLR
_c20070405
852 _aNLR
_j2007-3/8847
942 _cBOOK